000 01333nam a22003737a 4500
003 CHAP
005 20220329135637.0
008 971013s1995 r 00010 d
010 _a39819
011 _a40791
035 _a44917
040 _cCHAP
082 _a631.45
_bO76
100 0 0 _aOrtiz Solorio, María de la Luz Marcela.
_984069
245 _aEvaluación, cartografía y políticas preventivas de la degradación de la tierra
260 _aMontecillo, Méx. :
_bColegio de Postgraduados,
_c[1995?]
300 _a161 p.
590 _aBATCH-UPD
_b10
_c20130110
_lUCH01
_h0100
590 _aBATCH-UPD
_b10
_c20130110
_lUCH01
_h1854
590 _aBATCH-UPD
_b10
_c20130409
_lUCH01
_h2050
590 _aBATCH-UPD
_b10
_c20130410
_lUCH01
_h1223
590 _aBATCH-UPD
_b10
_c20130914
_lUCH01
_h0324
590 _aBATCH-UPD
_b10
_c20130914
_lUCH01
_h2037
590 _aCONVERSION
_b10
_c20130109
_lUCH01
_h1322
650 1 4 _aSuelos
_xConservación.
_9110283
650 1 4 _aSuelos
_xDegradación.
_9110336
650 1 4 _aSuelos
_xMapas.
_9110427
700 0 _aAnaya Garduño, Manuel.
_95501
700 0 _aEstrada Berg Wolf, Juan Walterio.
_938357
901 _aBK
942 _cLIBRO
949 _a631.45 O76
_bBC
_cLIBRO
_d33724000003216
_eLIBRO
_h88312
_i44917
_mD
_si
949 _a631.45 O76
_bBC
_cUACH
_d-102897
_eUACH
_fc.2
_h88313
_i44917
_mD
_si
999 _c39819
_d39819